000 01096nam a22002177a 4500
999 _c27730
_d27730
003 BDDh-ASL
005 20231015030806.0
008 200927b2008 b ||||| |||| 00| 0 b d
020 _a9847112012
040 _aBDDh-ASL
_cBDDh-ASL
_dBDDh-ASL
041 _aBengali
082 _a923.2
_bMAB
100 1 _91790
_aমতিন, আবদুল
245 0 _aবঙ্গবন্ধু শেখ মুজিব:
_bকয়েকটি ঐতিহাসিক দলিল /
246 _aBangabandhu Sheikh Mukib
260 _aঢাকা:
_bর‌্যাডিক্যাল এশিয়া পাবলিকেশান্স,
_c২০০৮।
300 _a১৯২ পৃষ্ঠা:
_c২২ সে. মি.।
600 0 _91174
_aরহমান, শেখ মুজিবুর
_cবঙ্গবন্ধু
650 0 _94442
_aবঙ্গবন্ধু (Bangabandhu) শেখ মুজিবুর রহমান (Sheikh Mujibur Rahman)
_xমুক্তিযুদ্ধ (Muktijuddha) Liberation War
_zবাংলাদেশ (Bangladesh)
942 _2ddc
_cBK